000
00269 a2200121 4500
999
_c
322959
_d
322959
001
87886
003
NUST
082
_a
808.856 SAR
100
_a
Sarfraz A Shah
_9
9736
245
_a
Faqir Nagri
260
_a
Lahore
_b
Jhangir Books
_c
2012
300
_a
288p
942
_a
CAE NUST
_c
BK
_k
808.856 SAR
_2
ddc